000
00233nam a2200109Ia 4500
008
190216s9999||||xx |||||||||||||| ||und||
100
_a
Ghosh
245
0
_a
Business Organisation
260
_b
Null
_c
1967
300
_a
730p
942
_c
BK
999
_c
4517
_d
4517